VfL Wolfsburg Squad 2015-2016 - Statistics

General Stats
  • This quiz has been taken 14 times
  • The average score is 16 of 31
Answer Stats
# Position Nation Player % Correct
10 MF Germany Julian Draxler
92%
28 GK Belgium Koen Casteels
92%
22 MF Brazil Luiz Gustavo
92%
25 DF Brazil Naldo
83%
18 DF Brazil Dante
75%
1 GK Switzerland Diego Benaglio
75%
27 MF Germany Maximilian Arnold
75%
34 DF Switzerland Ricardo Rodríguez
75%
17 FW Germany André Schürrle
67%
12 FW Netherlands Bas Dost
67%
7 FW Italy Daniel Caligiuri
67%
35 MF Switzerland Francisco Rodríguez
67%
23 MF France Josuha Guilavogui
67%
11 FW Germany Max Kruse
67%
8 FW Portugal Vieirinha
67%
- Coach Germany Dieter Hecking
58%
4 DF Germany Marcel Schäfer
58%
5 DF Switzerland Timm Klose
58%
3 FW Denmark Nicklas Bendtner
50%
31 DF Germany Robin Knoche
50%
15 DF Germany Christian Träsch
42%
24 DF Germany Sebastian Jung
33%
16 FW Brazil Bruno Henrique
25%
26 DF Brazil Felipe
25%
20 GK Germany Max Grün
25%
30 MF Germany Paul Seguin
25%
6 MF Peru Carlos Ascues
17%
38 FW Belgium Ismail Azzaoui
17%
32 FW Germany Leandro Putaro
8%
37 DF Germany Moritz Sprenger
8%
33 FW Germany Sebastian Stolze
8%
No matching quizzes found
Score Distribution
Percent of People with Each Score
Percentile by Number Answered
Your Score History
You have not taken this quiz